Estudios sobre el proceso civil
Guardat en:
| Autor principal: | |
|---|---|
| Format: | Llibre |
| Idioma: | espanyol |
| Publicat: |
Buenos Aires
Bibliográfica Argentina
1945
|
| Matèries: | |
| Etiquetes: |
Afegir etiqueta
Sense etiquetes, Sigues el primer a etiquetar aquest registre!
|
MARC
| LEADER | 00000nam a2200000 a 4500 | ||
|---|---|---|---|
| 001 | UCI7195 | ||
| 003 | CL-VaPUC | ||
| 008 | 080613e19450000AG |||||||||||||||||spa|d | ||
| 082 | 0 | 4 | |a 347 |b CAL |2 21 |
| 100 | 0 | |a Calamandrei, Piero |e author |9 530334 | |
| 245 | 1 | 0 | |a Estudios sobre el proceso civil |
| 300 | |a 646 p | ||
| 942 | |c BK | ||
| 945 | |d 20080613 00:00:00 |a jtorresc | ||
| 260 | |a Buenos Aires |b Bibliográfica Argentina |c 1945 | ||
| 650 | 0 | |a Derecho procesal civil |9 258071 | |
| 650 | 0 | |a Derecho civil |9 255013 | |
| 650 | 0 | |a Jurisprudencia |9 255952 | |
| 650 | 0 | |a Administración de justicia |9 382749 | |
| 650 | 7 | |a SENTENCIA CIVIL |2 CL-VaPUC |9 384864 | |
| 650 | 7 | |a EQUIDAD |2 CL-VaPUC |9 256656 | |
| 650 | 0 | |a Valor jurídico |9 384865 | |
| 650 | 0 | |a Tribunales de justicia |9 328494 | |
| 650 | 7 | |a ERROR DE DERECHO |2 CL-VaPUC |9 383389 | |
| 650 | 0 | |a Proceso civil |9 361912 | |
| 650 | 0 | |a Sentencias |9 256250 | |
| 650 | 7 | |a CONDENAS |2 CL-VaPUC |9 371897 | |
| 583 | |a last modification |c 20080613 00:00:00 |k Rodrigo Vera | ||
| 999 | |c 330546 |d 330544 | ||
| 952 | |0 0 |1 0 |4 0 |6 347_000000000000000_CAL_1945 |7 0 |8 A |9 416141 |a BIBDER |b BIBDER |d 2019-11-22 |i 444888K |o 347 CAL 1945 |p 444888K |r 2023-01-25 |w 2019-11-22 |y BK |k DER | ||